000 00656nam a2200253Ia 4500
001 Para_4571
003 CHAP
008 220125s1914 xx 000 0 und d
010 _a203052
040 _cCHAP
090 _aPA FOLLETO 1855
100 _aNorton, Don C
_981831
245 _aRoot knot /
_c by Don C. Norton
260 _aKingsville, Texas :
_b Agricultural Extension Service
300 _a8 p.
650 _aRaĆ­ces
_x Enfermedades
_994673
901 _aPA FOLLETO 1855
902 _aA
905 _a0000001914 KIN 0000000000 00
910 _a1914
942 _cPARA
942 _cPARA
_d1
999 _c203052
_d203052